01925 a2200181 45000010006000000050017000060080041000230030015000640400040000790800022001192450043001412500011001842640080001953000029002755051390003041000022016947000027017162908820260407155600.0260407a1963 arg spa dAR-UNSa-BCEJYS aAR-UNSa-BCEJYSbspacAR-UNSa-BCEJYS a657xContabilidad10aAuditoriapprincipios y procedimientos a2a. ed 1aMéxico :bUnión Tipográfica Editorial Hispano-Americana (UTEHA)c1963 a2v.(952; 338 p.)c23 cm. aVol. I: Teoria y preguntas y problemas: 1. Concepto moderno de la auditoría - 2. Informes.Organización del personal - 3. Ética profesional y responsabilidad legal - 4. Auditoría interna.Control interno.Fraude - 5. Principio de la auditoría - 6. Programas de auditoría y papeles de trabajo de auditoría - 7. Examen de documentos originales - 8. Examen de documentos originales (conclusiones) - 9. Fondos de caja chica - 10. Efectivo: en caja y bancos; ingresos y egresos - 11. Cuentas por cobrar y pérdidas en los créditos - 12. Documentos y aceptaciones por cobrar e ingresos correspondientes - 13. Inventarios y costos de ventas - 14. Inventarios y costos de ventas (conclusión) - 15. Inversiones y sus ingresos - 16. Gastos pagados por anticipado, cargos diferidos y aplicación de gastos - 17. Activo fijo tangible y gastos relacionados - 18. Activo fijo tangible y gastos relacionados (conclusión) - 19. Activo intangible - 20. Pasivo circulante - 21. Pasivo a largo plazo - 22. Propiedad - 23. Propiedad (conclusión) - 24. Examen de ingresos y gastos - 25. Examen de ingreso y gastos (conclusión) - 26. Conclusión de la auditoría.Normas para los estados financieros - 27. Preparación de los estados financieros - 28. Informes de auditoría - 29. Servicios consultivos de administración -- Vol.II: Soluciones a los problemas auditoria practica.1 aHolmes, Arthur W.1 aContro Malo, Francisco